000 01345cam a22003374a 4500
001 14818543
003 NUST - PNEC
005 20170116180817.0
008 070423s2006 pk b 001 0 urdo
010 _a 2007378757
020 _a9698460020
025 _aP-U-2007378757 ; 19
040 _aDLC
_cLIBRARY
_dDLC
042 _alcode
043 _aa-pk---
050 0 0 _aLA1271
_b.R33 2006
082 _a370.54 RAH
100 1 _aRahmani Anjum
_93725
245 1 0 _aPakistan me taleem : ek tahqiqi jaiza
_cAnjum Raḥmānī.
260 _aLahore:
_bPākistān Rāʼiṭarz Koāpreṭiv Sosāʼiṭī :
_bTaqsīmkār, Koāprā Buk Sanṭar ainḍ Ārṭ Gelarī,
_c2006.
300 _axii, 656 p. ;
_c22 cm.
504 _aIncludes bibliographical references (p. 648-652) and index.
520 _aResearch and analytical study on the standard of education in Pakistan and need for designing policies for its improvement ; includes interviews of noted educationists from Pakistan.
546 _aIn Urdu.
650 0 _aEducation
_zPakistan.
_xGeneral
650 0 _aEducational change
_zPakistan.
710 2 _aPakistan Writers' Co-operative Society.
906 _a7
_bcbc
_corigode
_d3
_encip
_f20
_gy-gencatlg
942 _2ddc
_cBK
999 _c63552
_d63552